Kamus KBSR tahap 1 Rumi-Jawi
| Format: | Book |
|---|---|
| Published: |
Petaling Jaya :
Penerbit Fajar Bakti Sdn. Bhd. ,
1986
|
| Subjects: |
MARC
| LEADER | 00000cam a2200000 7i4500 | ||
|---|---|---|---|
| 001 | 0000009201 | ||
| 002 | 000010019 | ||
| 005 | 20060322.0 | ||
| 020 | |a 967933600X | ||
| 090 | 0 | 0 | |a 499.2803 |b AWA |
| 245 | 0 | 0 | |a Kamus KBSR tahap 1 Rumi-Jawi |
| 260 | |a Petaling Jaya : |b Penerbit Fajar Bakti Sdn. Bhd. , |c 1986 | ||
| 300 | |a 212 p. : |b ill ; |c 28 cm. | ||
| 650 | 0 | 0 | |a Dictionaries and encyclopedias |
| 999 | |a 0004368 |b BUKU |c JUNIOR BOOKS |e PERPUSTAKAAN KOMUNITI PETALING JAYA | ||